High-order, direct sensitivity analysis of multidimensional air quality models /

Enregistré dans:
Détails bibliographiques
Auteur principal: Hakami, Amir.
Autres auteurs: Odman, M. Talat., Russell, Armistead G.
Format: Article
Langue:English
Sujets:
Tags: Ajouter un tag
Pas de tags, Soyez le premier à ajouter un tag!
Thư viện lưu trữ: Thư viện Trường Đại học Đà Lạt
LEADER 01010nam a2200325 4500
001 DLU090093778
005 ##20091201
040 # # |a DLU  |b eng 
041 # # |a eng 
044 # # |a us 
100 # # |a Hakami, Amir. 
245 # # |a High-order, direct sensitivity analysis of multidimensional air quality models /  |c Amir Hakami, M. Talat Odman, Armistead G. Russell. 
653 # # |a Air pollution 
653 # # |a Air quality 
653 # # |a Non linear process 
653 # # |a Numerical simulation 
653 # # |a Sensitivity analysis 
653 # # |a Three dimensional model 
700 # # |a Odman, M. Talat. 
700 # # |a Russell, Armistead G. 
773 # # |t Environmental Science & Technology  |g Vol. 37, no. 11 (June 2003), p. 2442-2452 
920 # # |a Phòng Tạp chí -- Trung tâm Thông tin - Thư viện Trường Đại học Đà Lạt 
994 # # |a DLU 
900 # # |a True 
911 # # |a Trương Bảo Trâm Anh 
925 # # |a G 
926 # # |a A 
927 # # |a BB 
980 # # |a Thư viện Trường Đại học Đà Lạt